000 00769nam a2200253Ia 4500
003 OSt
005 20220928104839.0
006 a|||||r|||| 00| 0
007 ta
008 220927b |||||||| |||| 00| 0 hin d
020 _c550
024 _a127371
037 _b4551, 20/11/2015, Meharchand Lachhmandas Publicaitons
_cTextual
040 _aSDCL
_cSDCL
_bhin
041 _2hin
_ahin
082 _aR635x,1,1,1, P8
100 _aShastri Jagdeesh
_9412442
245 0 _aPattanjal Yogdarshanam
260 _aDelhi
_bEastern Book Linkers
_c2008
300 _a311p
_ccm.
650 _aSanskrit
_9391587
942 _hR635x,1,1,1, P8
_cTEXL
_2CC
999 _c728173
_d728173